Des d'aquí / Xavier Pérez Llorca
ISBN:
84-607-4868-5
Descripción Física:
287 p. ; 20 cm
Materias:
Política -- Articles
MARC
| LEADER | 00000nam a2200000Ia 4500 | ||
|---|---|---|---|
| 001 | 17092 | ||
| 008 | 160829s2002 xx 000 0 cat d | ||
| 020 | |a 84-607-4868-5 | ||
| 080 | |a M-5-144 | ||
| 100 | |a Pérez Llorca, Javier |9 1476 | ||
| 245 | |a Des d'aquí / Xavier Pérez Llorca | ||
| 260 | |a Sant Boi de Llobregat : |b Edicions l'Agrupació, |c 2002 | ||
| 300 | |a 287 p. ; |c 20 cm | ||
| 590 | |a Recull d'articles publicats per Xavier Pérez Llorca, principalment a la revista Aqui. | ||
| 650 | |a Política |x Articles |9 28088 | ||
| 901 | |a Arxiu | ||
| 942 | |n 1 | ||
| 952 | |0 0 |1 0 |4 0 |6 M5144 |7 1 |9 44665 |a Arxiu |b Arxiu |d 2016-12-01 |l 0 |o M-5-144 |p 17092 |r 2016-12-01 00:00:00 |w 2016-12-01 |y ARXIU | ||
| 999 | |c 47246 |d 47246 | ||